<?xml version="1.0" encoding="UTF-8"?><?xml-stylesheet type="text/xsl" href="static/style.xsl"?><OAI-PMH xmlns="http://www.openarchives.org/OAI/2.0/" xmlns:xsi="http://www.w3.org/2001/XMLSchema-instance" xsi:schemaLocation="http://www.openarchives.org/OAI/2.0/ http://www.openarchives.org/OAI/2.0/OAI-PMH.xsd"><responseDate>2026-06-02T23:08:10Z</responseDate><request verb="GetRecord" identifier="oai:riuma.uma.es:10630/28602" metadataPrefix="marc">https://riuma.uma.es/rest/oai/request</request><GetRecord><record><header><identifier>oai:riuma.uma.es:10630/28602</identifier><datestamp>2026-02-03T10:54:16Z</datestamp><setSpec>com_10630_2254</setSpec><setSpec>col_10630_37953</setSpec></header><metadata><record xmlns="http://www.loc.gov/MARC21/slim" xmlns:dcterms="http://purl.org/dc/terms/" xmlns:doc="http://www.lyncode.com/xoai" xmlns:xsi="http://www.w3.org/2001/XMLSchema-instance" xsi:schemaLocation="http://www.loc.gov/MARC21/slim http://www.loc.gov/standards/marcxml/schema/MARC21slim.xsd">
   <leader>00925njm 22002777a 4500</leader>
   <datafield ind2=" " ind1=" " tag="042">
      <subfield code="a">dc</subfield>
   </datafield>
   <datafield ind2=" " ind1=" " tag="720">
      <subfield code="a">Becerra-Fernández, Daniel</subfield>
      <subfield code="e">author</subfield>
   </datafield>
   <datafield ind2=" " ind1=" " tag="260">
      <subfield code="c">2023</subfield>
   </datafield>
   <datafield ind2=" " ind1=" " tag="520">
      <subfield code="a">Este artículo da a conocer los «marmora» empleados en los revestimientos de carácter parietal que se encuentran en la «Villa dei Quintili» (Roma, Italia). Se presta especial atención a la preparación de las paredes y a la identificación macroscópica de los «marmora», constatando una gran variedad de revestimientos marmóreos parietales y de tipos lapídeos, así como la reutilización de rocas ornamentales en la preparación de las paredes. Los mármoles blancos grisáceos («greco scritto» y «bardiglio») son mayoritarios y se verificó el empleo de dos variedades de rocas decorativas hispanas.</subfield>
   </datafield>
   <datafield ind1="8" ind2=" " tag="024">
      <subfield code="a">Becerra, D. 2023. Notas sobre los revestimientos marmóreos parietales de la «Villa dei Quintili» (Roma, Italia). Arqueología Iberoamericana 52: 29-36.</subfield>
   </datafield>
   <datafield ind1="8" ind2=" " tag="024">
      <subfield code="a">https://hdl.handle.net/10630/28602</subfield>
   </datafield>
   <datafield ind1="8" ind2=" " tag="024">
      <subfield code="a">10.5281/zenodo.8207218</subfield>
   </datafield>
   <datafield tag="653" ind2=" " ind1=" ">
      <subfield code="a">Arquitectura - Roma - S. I</subfield>
   </datafield>
   <datafield ind2="0" ind1="0" tag="245">
      <subfield code="a">Notas sobre los revestimientos marmóreos parietales de la «Villa dei Quintili» (Roma, Italia)</subfield>
   </datafield>
</record>
</metadata></record></GetRecord></OAI-PMH>